| 000 | 00701nam a22002537a 4500 | ||
|---|---|---|---|
| 001 | 00097 | ||
| 003 | DO-SdBNP | ||
| 005 | 20180201104059.0 | ||
| 007 | 00097 | ||
| 008 | 160316b 1996 sp | 00| 0 spa d | ||
| 020 | _a8420565207003 | ||
| 040 |
_aBPMSU _bspa _cBPMSU |
||
| 092 |
_axxxxxxxxx _bxxxxxxxxx |
||
| 100 | 1 | 0 | _aStine, R. L. |
| 245 |
_aPánico en el campamento / _cR. L. Stine ; traducción Adolfo Martín |
||
| 260 |
_aBarcelona : _bPrimera plana, _bEl periódico, _c1996 |
||
| 300 |
_a141p. : _c20 cm. |
||
| 490 | 0 |
_aPesadillas _v10 |
|
| 700 | 1 | 0 |
_aMartín, Adolfo, _etr. |
| 830 | 0 |
_aPesadillas _v10 |
|
| 942 |
_2ddc _cBK |
||
| 945 | _aInventariado, 2018/ YL | ||
| 956 | _aBrenda Tavárez | ||
| 999 |
_c9264 _d9264 |
||